ბათუმის შოთა რუსთაველის სახელმწიფო უნივერსიტეტის ბიბლიოთეკა

Биология оплодотворения и гетерозискультурных растении. (ბიბ.ჩანაწერი № 46419)

000 -LEADER
fixed length control field 01008nam a2200229Ia 4500
001 - CONTROL NUMBER
control field 13255
003 - CONTROL NUMBER IDENTIFIER
control field GE_BSU
008 - FIXED-LENGTH DATA ELEMENTS--GENERAL INFORMATION
fixed length control field 181216s||||||||xx |||||||||||||| ||und||
040 ## - CATALOGING SOURCE
Transcribing agency GE_BSU
080 ## - UNIVERSAL DECIMAL CLASSIFICATION NUMBER
Universal Decimal Classification number 57+581.3
245 ## - TITLE STATEMENT
Title Биология оплодотворения и гетерозискультурных растении.
245 ## - TITLE STATEMENT
Remainder of title О роли процессов неполного распада живого в размножении растении и основных проявлениях жизнедеятельности организмов
245 ## - TITLE STATEMENT
Statement of responsibility, etc. Науч.ред.А.Е.Коварский. Ред.Л.Иорданова
260 ## - PUBLICATION, DISTRIBUTION, ETC.
Place of publication, distribution, etc. Кишинев
260 ## - PUBLICATION, DISTRIBUTION, ETC.
Name of publisher, distributor, etc. Картя молдовеняска
260 ## - PUBLICATION, DISTRIBUTION, ETC.
Date of publication, distribution, etc. 1965
300 ## - PHYSICAL DESCRIPTION
Extent 272стр.илл.30см.
300 ## - PHYSICAL DESCRIPTION
Dimensions Библиогр.с.243-245
653 ## - INDEX TERM--UNCONTROLLED
Uncontrolled term Биология оплодотворения и гетерозискультурных растении
653 ## - INDEX TERM--UNCONTROLLED
Uncontrolled term ბიოლოგია
942 ## - ADDED ENTRY ELEMENTS (KOHA)
Koha item type წიგნი
ეგზემპლარები
Withdrawn status Lost status Damaged status Not for loan Date acquired Barcode Date last seen Price effective from Koha item type
        2018-12-17 20815 2018-12-17 2018-12-17 წიგნი
        2018-12-17 20814 2018-12-17 2018-12-17 წიგნი